000
00335nam a22001097a 4500
003
SGT
082
_a
891.4309
_b
S21M
245
_a
मोहन, अरविन्द राजकमल प्रकाशन
260
_b
सच्चिदानंद सिन्हा रचनावली
_c
2021
300
_a
447
942
_2
ddc
_c
BK
999
_c
31228
_d
31228